Statistics for National Lampoon Franchise

Click here to take the quiz!

General Stats

  • This quiz has been taken 8 times
  • The average score is 5 of 108

Answer Stats

TypeYearNameInfo% Correct
Film1989National Lampoon's Christmas VacationWarner Bros.
100%
Film1983National Lampoon's VacationWarner Bros.
100%
Film1985National Lampoon's European VacationWarner Bros.
67%
Magazine1970-1988National LampoonNL Communications, Inc.
50%
Film2015VacationWarner Bros.
50%
Film1997Vegas VacationWarner Bros.
33%
Film1978National Lampoon's Animal HouseUniversal
17%
Film1993National Lampoon's Loaded Weapon 1New Line Cinema
17%
Film2002National Lampoon's Van WilderArtisan Entertainment
17%
Film2018A Futile and Stupid GestureNetflix
0%
Book2006A Futile and Stupid Gesture: How Doug Kenney and National Lampoon Changed Comedy ForeverJosh Karp
0%
TV Film1994Attack of the 5 Ft. 2 In. WomenShowtime
0%
Film2003BlackballIcon Entertainment International
0%
Video Game1999Booty CallRomp Studios / Nebulous Films
0%
Comedy Album1996Buy This Box or We'll Shoot This Dog: The Best of the National Lampoon Radio HourNational Lampoon
0%
TV Film1997Dad's Week OffShowtime
0%
TV Show1979Delta HouseABC
0%
TV Film1979Disco Beaver from Outer SpaceHBO
0%
Book2010Drunk Stoned Brilliant Dead: The Writers and Artists Who Made National Lampoon Insanely GreatRick Meyerowitz
0%
TV Film1995Favorite Deadly SinsShowtime
0%
Film2004Going the DistanceSeville Pictures
0%
Book1987Going Too Far: the Rise and Demise of Sick, Gross, Black, Sophomoric, Weirdo, Pinko, Anarchist, Underground, Anti-Establishment HumorTony Hendra
0%
Comedy Album1975Gold TurkeyNational Lampoon
0%
TV Film1998Golf PunksFox Family Channel
0%
Comedy Album1975Goodbye Pop 1952-1976National Lampoon
0%
Comedy Album1978Greatest Hits of the National LampoonNational Lampoon
0%
Film2007Homo ErectusNational Lampoon Productions
0%
Book1994If You Don't Buy This Book, We'll Kill This Dog: Life, Laughs, Love and Death at National LampoonMatty Simmons
0%
Film1984Joy of SexParamount
0%
Book1973Letters from the Editors of National LampoonBrian McConnachie
0%
Book1998Mr. Mike: The Life and Work of Michael O'DonoghueDennis Perrin
0%
Book1973National Lampoon 1964 High School Yearbook ParodyP. J. O'Rourke / Doug Kenney
0%
Book1975National Lampoon Art Poster BookN/A
0%
Book1974National Lampoon ComicsN/A
0%
Documentary2015National Lampoon: Drunk Stoned Brilliant Dead: The Story of the National Lampoon4th Row Films
0%
Book1977National Lampoon Gentleman's Bathroom Companion IIN/A
0%
Musical1973National Lampoon: LemmingsVillage Gate
0%
Film2006National Lampoon Presents Cattle CallLionsgate
0%
Film2003National Lampoon Presents Dorm DazeShowcase Entertainment
0%
Film2006National Lampoon Presents Electric Apricot: Quest for FesterooNational Lampoon Productions
0%
Film2009National Lampoon Presents Endless BummerLighthouse Entertainment
0%
Book1977National Lampoon Presents French Comics (The Kind Men Like)Peter Kaminsky
0%
Book1975National Lampoon Presents The Very Large Book of Comical FunniesSean Kelly
0%
Film2005National Lampoon's Adam & EveNew Line Cinema
0%
Book1978National Lampoon's Animal House BookN/A
0%
Film2007National Lampoon's Bag BoyVirgil Films
0%
Film2003National Lampoon's Barely LegalBarely Legal Productions LLC
0%
TV Film2003National Lampoon's Christmas Vacation 2: Cousin Eddie's Island AdventureNBC
0%
Musical1986National Lampoon's Class of '86Village Gate
0%
Film1982National Lampoon's Class ReunionABC Motion Pictures
0%
Book1984National Lampoon's DoonEllis Weiner
0%
Film2006National Lampoon's Dorm Daze 2: College @ SeaLionsgate
0%
TV Show2003National Lampoon's Funny MoneyGSN
0%
Film2003National Lampoon's Gold DiggersP&A Distributors
0%
Film1994National Lampoon's Last ResortTrimark Pictures
0%
TV Film1998National Lampoon's Men in WhiteFox Family Channel
0%
Film1983National Lampoon's Movie MadnessUnited Artists / MGM
0%
Book1976National Lampoon SongbookN/A
0%
Film2006National Lampoon's Pledge This!Pop Films LLC
0%
Film2006National Lampoon's PuckedNational Lampoon Productions
0%
Film1995National Lampoon's Senior TripNew Line Cinema
0%
Film2011National Lampoon's SnatchedNational Lampoon Productions / New Millennium Media Distributors
0%
TV Film2003National Lampoon's Thanksgiving Family ReunionTBS / FOX
0%
TV Film2006National Lampoon's TV: The MovieXenon Pictures
0%
Book1978National Lampoon Sunday Newspaper ParodyN/A
0%
Film2009National Lampoon's Van Wilder: Freshman YearParamount Famous
0%
Film2006National Lampoon's Van Wilder: The Rise of TajMGM
0%
Book1979National Lampoon Tenth Anniversary Anthology 1970-1980N/A
0%
Book1975National Lampoon The 199th Birthday Book: A Tribute to the United States of America, 1776-1975Tony Hendra
0%
Book1972National Lampoon The Best of No. 4N/A
0%
Book1974National Lampoon The Best of No. 5N/A
0%
Book1975National Lampoon The Best of No. 6N/A
0%
Book1975National Lampoon The Best of No. 7N/A
0%
Book1977National Lampoon The Best of No. 8N/A
0%
Book1979National Lampoon The Book of BooksN/A
0%
Book1975National Lampoon The Gentleman's Bathroom CompanionN/A
0%
Book1976National Lampoon The Iron On BookN/A
0%
Book1974National Lampoon The Job of Sex: a Workingman's Guide to Productive LovemakingBrian McConnachie
0%
Book1976National Lampoon The Naked and The Nude: Hollywood and BeyondBrian McConnachie / Louise Gikow
0%
Book1977National Lampoon The Up Yourself BookN/A
0%
Book1974National Lampoon This Side of ParodiesBrian McConnachie / Sean Kelly
0%
Comedy Album1980National Lampoon White AlbumNational Lampoon
0%
Film1987O.C. and StiggsMGM / United Artists
0%
Calendar1975Official National Lampoon Bicentennial Calendar 1976Christopher Cerf / Bill Effros
0%
Comedy Album1974Official National Lampoon Stereo Test and Demonstration RecordEd Subitzky
0%
Film2008One, Two, ManyNational Lampoon Productions
0%
TV Film2006Professor Pepper's School of Good Stuff????
0%
Comedy Album1972Radio DinnerNational Lampoon
0%
Film2009Ratko: The Dictator's SonNational Lampoon, Inc.
0%
Film2002Repli-Kate20th Century Fox
0%
Film2008RoboDocNational Lampoon Productions
0%
Comedy Album1982Sex, Drugs, Rock 'N' Roll & the End of the WorldNational Lampoon
0%
Comedy Album1977That's Not Funny, That's SickNational Lampoon
0%
Book2013That's Not Funny, That's Sick: The National Lampoon and the Comedy Insurgents Who Captured the MainstreamEllin Stein
0%
Film2004The Almost GuysNational Lampoon, Inc.
0%
Film2006The Beach Party at the Threshold of HellNational Lampoon Presents
0%
Book1971The Best of National Lampoon No. 1N/A
0%
Book1973The Best of National Lampoon No. 3N/A
0%
Book1972The Breast of National Lampoon: A Collection of Sexual HumorN/A
0%
TV Film1999The Don's AnalystShowtime
0%
Film2011The Legend of Awesomest MaximusNational Lampoon Productions
0%
Comedy Album1974The Missing White House TapesNational Lampoon
0%
Book1973The National Lampoon of Encyclopedia of HumorMichael O'Donoghue
0%
Radio Series1973-1974The National Lampoon Radio HourNational Lampoon Staff
0%
Comedy Album1980The Official National Lampoon Car Stereo Test & Demonstration TapeEd Subitzky
0%
Film2007Totally Baked: A PotumentarySalient Media / Vivendi Entertainment
0%
Film2009TransylmaniaFull Circle
0%
Book1972Would You Buy a Used War from This Man? A Collection of Political Humor from National LampoonN/A
0%

Score Distribution

Percentile by Number Answered

Percent of People with Each Score

Your Score History

You have not taken this quiz